The Tobermory shipwrecks : a history and description /

Bibliographic Details
Main Author: Salen, Rick
Other Authors: Salen, Jack
Format: Book
Language:English
Published: Tobermory [Ont.] : Mariner Chart Shop, [1976]
Subjects:

MARC

Tag First Indicator Second Indicator Subfields
LEADER 00000cam a2200000 a 4500
001 in00001136865
005 20150930084514.0
008 850729s1976 oncab 001 0 eng d
035 |a (OCoLC)12318384 
035 |9 AFX7342AM 
040 |a BAL  |c BAL  |d UtOrBLW 
049 |a TXAM 
090 |a VK1276.O58  |b S3 1976 
100 1 |a Salen, Rick. 
245 1 4 |a The Tobermory shipwrecks :  |b a history and description /  |c [by Rick and Jack Salen]. 
264 1 |a Tobermory [Ont.] :  |b Mariner Chart Shop,  |c [1976] 
264 4 |c [©1976] 
300 |a 83 pages :  |b illustrations, maps ;  |c 22 cm. 
336 |a text  |b txt  |2 rdacontent 
337 |a unmediated  |b n  |2 rdamedia 
338 |a volume  |b nc  |2 rdacarrier 
500 |a Includes index. 
650 0 |a Shipwrecks  |z Ontario  |z Bruce Peninsula. 
700 1 |a Salen, Jack. 
999 |a MARS 
999 f f |s bed97084-85de-3d30-9bc1-2c5e52e22b67  |i 5739e527-3c18-3e7e-9ca1-bc2d8216ff41  |t 0 
952 f f |p ric  |a Texas A&M University  |b Rellis Campus  |c Joint Library Facility  |d Remote Storage  |t 0  |e VK1276.O58 S3 1976  |h Library of Congress classification  |i unmediated -- volume  |m A14817434178 
998 f f |a VK1276.O58 S3 1976  |t 0  |l Remote Storage